[Event "Mitropa Cup 14th"]
[Site "Brno"]
[Date "1991.??.??"]
[Round "5"]
[White "Hoelzl, Franz"]
[Black "Luther, Thomas"]
[Result "1/2-1/2"]
[WhiteElo "2385"]
[BlackElo "2495"]
[PlyCount "21"]
[EventDate "1991.10.??"]
[EventType "team-tourn"]
[EventRounds "7"]
[EventCountry "CZE"]
[Source "ChessBase"]
[SourceDate "1992.02.01"]

1. c4 Nf6 2. Nc3 e6 3. e4 c5 4. Nf3 Nc6 5. Be2 d5 6. exd5 exd5 7. d4 Be7 8. Be3
cxd4 9. Nxd4 O-O 10. O-O Nxd4 11. Qxd4 1/2-1/2

[Event "Mitropa Cup 14th"]
[Site "Brno"]
[Date "1991.??.??"]
[Round "5"]
[White "Rossi, Carlo"]
[Black "Jirovsky, Milos"]
[Result "1/2-1/2"]
[WhiteElo "2325"]
[BlackElo "2310"]
[PlyCount "84"]
[EventDate "1991.10.??"]
[EventType "team-tourn"]
[EventRounds "7"]
[EventCountry "CZE"]
[Source "ChessBase"]
[SourceDate "1992.02.01"]

1. e4 c5 2. Nf3 d6 3. Be2 Nf6 4. c3 g6 5. O-O Bg7 6. Re1 O-O 7. Bf1 Nc6 8. h3
e5 9. d3 h6 10. a3 a5 11. a4 Be6 12. Na3 Ne8 13. Nb5 Nc7 14. g3 Qd7 15. Kh2
Rad8 16. Bg2 d5 17. exd5 Nxd5 18. Nd2 Kh7 19. Ne4 Qe7 20. Qe2 Rfe8 21. Be3 Nxe3
22. Qxe3 Bf8 23. Na3 f5 24. Nd2 Bd5 25. Nac4 Qf7 26. Nb6 Bxg2 27. Kxg2 Qc7 28.
Ndc4 Re6 29. Ra3 Nd4 30. cxd4 cxd4 31. Qe2 Bxa3 32. bxa3 e4 33. Rb1 e3 34. f4
g5 35. fxg5 hxg5 36. Qh5+ Rh6 37. Qxg5 Rg6 38. Qh4+ Rh6 39. Qf4 Qxf4 40. gxf4
Rg8+ 41. Kh2 Rg4 42. Nd5 Rgh4 1/2-1/2

[Event "Mitropa Cup 14th"]
[Site "Brno"]
[Date "1991.??.??"]
[Round "5"]
[White "Santolini, Luigi"]
[Black "Polak, Tomas"]
[Result "1/2-1/2"]
[WhiteElo "2240"]
[BlackElo "2355"]
[PlyCount "81"]
[EventDate "1991.10.??"]
[EventType "team-tourn"]
[EventRounds "7"]
[EventCountry "CZE"]
[Source "ChessBase"]
[SourceDate "1992.02.01"]

1. d4 d5 2. c4 e6 3. Nc3 Be7 4. cxd5 exd5 5. Bf4 Nf6 6. e3 c6 7. Nf3 Nbd7 8. h3
O-O 9. Bd3 Re8 10. O-O Nf8 11. Rb1 a5 12. a3 Bd6 13. Bxd6 Qxd6 14. Qc2 Ng6 15.
b4 Nh5 16. Na4 axb4 17. axb4 Qf6 18. Nh2 Be6 19. Nc5 Nh4 20. Nxe6 Rxe6 21. Ng4
Qg5 22. Bxh7+ Kh8 23. Bd3 f5 24. f4 Qe7 25. Ne5 Ng3 26. Rfc1 g5 27. fxg5 Rg8
28. b5 Rxg5 29. bxc6 bxc6 30. Rb8+ Kh7 31. Rcb1 Rg7 32. Qf2 Qg5 33. R8b7 Ree7
34. Rxe7 Rxe7 35. Nxc6 Rxe3 36. Ne5 Nh5 37. Rb7+ Kg8 38. Rb8+ Kg7 39. Rb7+ Kg8
40. Rb8+ Kg7 41. Rb7+ 1/2-1/2

[Event "Mitropa Cup 14th"]
[Site "Brno"]
[Date "1991.??.??"]
[Round "5"]
[White "Schlosser, Philipp"]
[Black "Wittmann, Walter"]
[Result "1/2-1/2"]
[WhiteElo "2485"]
[BlackElo "2370"]
[PlyCount "106"]
[EventDate "1991.10.??"]
[EventType "team-tourn"]
[EventRounds "7"]
[EventCountry "CZE"]
[Source "ChessBase"]
[SourceDate "1992.02.01"]

1. c4 g6 2. d4 Nf6 3. Nc3 Bg7 4. e4 d6 5. Nf3 O-O 6. Be2 Bg4 7. Be3 Nfd7 8. Rc1
a6 9. O-O c5 10. d5 b5 11. b3 bxc4 12. bxc4 Bxf3 13. Bxf3 Nb6 14. Be2 N8d7 15.
Nb1 Qc7 16. Nd2 Rfb8 17. Rb1 Rb7 18. Qc2 Rab8 19. Rb3 Na8 20. Rfb1 Kf8 21. g3
Rb6 22. Kg2 R8b7 23. Nf3 Qb8 24. Bd2 Rxb3 25. axb3 Nc7 26. Ba5 Ne8 27. Nd2 Nef6
28. Re1 Kg8 29. Bd1 Nf8 30. Nf3 N6d7 31. h4 h5 32. Bc3 Bxc3 33. Qxc3 e5 34. Bc2
Nh7 35. Ra1 Rb6 36. Ra4 Nhf6 37. Ne1 Ne8 38. Nd3 Nc7 39. Qa5 Rb7 40. Ra1 Qd8
41. Rb1 Qb8 42. b4 cxb4 43. Nxb4 Kg7 44. Qa3 Qc8 45. Nd3 Rxb1 46. Bxb1 Ne8 47.
Ba2 Nc5 48. Nxc5 Qxc5 49. Qxa6 Qd4 50. Bb1 Nf6 51. Qa2 Nxe4 52. Bxe4 Qxe4+ 53.
Kg1 Qe1+ 1/2-1/2

[Event "Mitropa Cup 14th"]
[Site "Brno"]
[Date "1991.??.??"]
[Round "5"]
[White "Velicka, Petr"]
[Black "Fabiano, Giuseppe"]
[Result "1-0"]
[WhiteElo "2375"]
[BlackElo "2270"]
[PlyCount "78"]
[EventDate "1991.10.??"]
[EventType "team-tourn"]
[EventRounds "7"]
[EventCountry "CZE"]
[Source "ChessBase"]
[SourceDate "1992.02.01"]

1. e4 c5 2. Nf3 d6 3. Bb5+ Nd7 4. d4 Ngf6 5. Nc3 a6 6. Bxd7+ Nxd7 7. O-O h6 8.
e5 cxd4 9. Qxd4 dxe5 10. Nxe5 Nxe5 11. Qxe5 e6 12. Rd1 Qf6 13. Qxf6 gxf6 14.
Ne4 f5 15. Nd6+ Bxd6 16. Rxd6 Ke7 17. Bf4 f6 18. Rad1 b5 19. Be3 Rb8 20. Rc6
Rb7 21. Rxa6 Rc7 22. Ra8 Rg8 23. Bb6 Rd7 24. Bc5+ Kf7 25. Rxd7+ Bxd7 26. Ra7
Ke8 27. g3 Rg4 28. Ra8+ Kf7 29. Rf8+ Kg7 30. f4 e5 31. Rd8 Bc6 32. Bd6 Kf7 33.
Kf2 Ke6 34. Bc7 Be4 35. c3 Bb1 36. a3 e4 37. Ke3 Rg7 38. Rd6+ Ke7 39. Rb6 Bd3
1-0

[Event "Mitropa Cup 14th"]
[Site "Brno"]
[Date "1991.??.??"]
[Round "5"]
[White "Vokac, Marek"]
[Black "Marinelli, Tullio"]
[Result "1-0"]
[WhiteElo "2440"]
[BlackElo "2365"]
[PlyCount "83"]
[EventDate "1991.10.??"]
[EventType "team-tourn"]
[EventRounds "7"]
[EventCountry "CZE"]
[Source "ChessBase"]
[SourceDate "1992.02.01"]

1. d4 Nf6 2. c4 e6 3. Nf3 b6 4. Nc3 Bb4 5. Bg5 h6 6. Bh4 Bb7 7. e3 g5 8. Bg3
Ne4 9. Qc2 Bxc3+ 10. bxc3 Nxg3 11. hxg3 Qe7 12. Bd3 Nc6 13. Rb1 g4 14. Nd2 h5
15. Rh4 f5 16. f4 gxf3 17. gxf3 O-O-O 18. Kf2 Rdg8 19. Rbh1 Qg5 20. R1h3 Na5
21. Qd1 Rh7 22. Nb3 Nxb3 23. axb3 a5 24. Be2 Kb8 25. c5 bxc5 26. Qa1 cxd4 27.
cxd4 f4 28. Rxf4 h4 29. g4 Rh6 30. b4 axb4 31. d5 Qxd5 32. Rxb4 e5 33. Rb5 Qd2
34. Rh1 Rxg4 35. Rb2 Qd5 36. Rhb1 Rgg6 37. Rb5 Qc6 38. Qxe5 d6 39. Rxb7+ Qxb7
40. Qe8+ Ka7 41. Ra1+ Kb6 42. Qb5# 1-0

[Event "Mitropa Cup 14th"]
[Site "Brno"]
[Date "1991.??.??"]
[Round "5"]
[White "Weinzettl, Ernst"]
[Black "Hoffmann, Michael"]
[Result "0-1"]
[WhiteElo "2285"]
[BlackElo "2465"]
[PlyCount "115"]
[EventDate "1991.10.??"]
[EventType "team-tourn"]
[EventRounds "7"]
[EventCountry "CZE"]
[Source "ChessBase"]
[SourceDate "1992.02.01"]

1. e4 c5 2. Nc3 d6 3. f4 Nc6 4. Nf3 g6 5. Bc4 Bg7 6. d3 e6 7. f5 exf5 8. O-O
Nge7 9. Qe1 h6 10. exf5 Bxf5 11. Nh4 O-O 12. Nd5 Kh7 13. c3 Be6 14. Nf6+ Bxf6
15. Rxf6 d5 16. Bb3 Nf5 17. Rxf5 gxf5 18. d4 cxd4 19. Bc2 Qf6 20. Qf2 dxc3 21.
bxc3 Kh8 22. Be3 Rae8 23. Rd1 Rg8 24. Ba4 Kh7 25. Bc2 d4 26. cxd4 Bd5 27. Rf1
Rxe3 28. Nxf5 Re4 29. Ne3 Qxf2+ 30. Rxf2 Nxd4 31. Nxd5 Nxc2 32. Nf6+ Kg7 33.
Nxe4 Re8 34. Rf4 Re6 35. h3 Rc6 36. Rg4+ Kf8 37. Kh2 Ke7 38. Ng3 Rc5 39. Re4+
Kd7 40. Ne2 b5 41. Rf4 f5 42. g4 Ke6 43. Rf2 fxg4 44. Nf4+ Kd7 45. Rd2+ Ke7 46.
hxg4 b4 47. Nd5+ Kf7 48. Rf2+ Ke6 49. Nf4+ Kd6 50. Rd2+ Kc6 51. Kh3 a5 52. Kh4
Rc4 53. Nd3 Kb5 54. Nb2 Rc5 55. Rd8 Rc7 56. Nd3 Rc3 57. Ne5 Ra3 58. Kh5 0-1

[Event "Mitropa Cup 14th"]
[Site "Brno"]
[Date "1991.??.??"]
[Round "6"]
[White "Almasi, Istvan"]
[Black "Fabiano, Giuseppe"]
[Result "1-0"]
[WhiteElo "2285"]
[BlackElo "2270"]
[PlyCount "78"]
[EventDate "1991.10.??"]
[EventType "team-tourn"]
[EventRounds "7"]
[EventCountry "CZE"]
[Source "ChessBase"]
[SourceDate "1992.02.01"]

1. e4 c5 2. Nf3 d6 3. d4 cxd4 4. Nxd4 Nf6 5. Nc3 a6 6. Bg5 e6 7. Qd2 Be7 8. Bd3
Nbd7 9. O-O-O Qc7 10. Rhe1 O-O 11. f4 b5 12. a3 Bb7 13. Kb1 Rfe8 14. Nf3 e5 15.
f5 Nb6 16. Bxf6 Bxf6 17. g4 Be7 18. g5 d5 19. exd5 b4 20. Ne4 Nxd5 21. f6 Nc3+
22. bxc3 Bxe4 23. Bxe4 bxc3 24. Qc1 Rab8+ 25. Ka1 Bc5 26. g6 hxg6 27. Bd5 Rb2
28. a4 Bf2 29. Ng5 Qc5 30. Bxf7+ Kh8 31. fxg7+ Kxg7 32. Rd7 Re7 33. Ne6+ Rxe6
34. Bxe6+ Kf6 35. Ba2 Rxa2+ 36. Kxa2 Qc4+ 37. Kb1 Qb4+ 38. Ka2 Qxa4+ 39. Qa3
Qxd7 1-0

[Event "Mitropa Cup 14th"]
[Site "Brno"]
[Date "1991.??.??"]
[Round "6"]
[White "Bellia, Fabrizio"]
[Black "Somlai, Laszlo"]
[Result "1/2-1/2"]
[WhiteElo "2270"]
[BlackElo "2375"]
[Annotator "Ernst"]
[PlyCount "44"]
[EventDate "1991.10.??"]
[EventType "team-tourn"]
[EventRounds "7"]
[EventCountry "CZE"]
[Source "ChessBase"]
[SourceDate "1992.02.01"]

1. e4 e6 2. d4 d5 3. Nd2 Nf6 4. e5 Nfd7 5. Bd3 c5 6. c3 Nc6 7. Ne2 cxd4 8. cxd4
f6 9. exf6 Nxf6 10. O-O Bd6 11. Nf3 O-O 12. Bf4 Bxf4 13. Nxf4 Ne4 14. Ne2 Rxf3
15. gxf3 Ng5 16. Kh1 (16. f4 $1 Nh3+ 17. Kh1 Qh4 18. Qd2 Bd7 19. Qe3 $14) (16.
f4 $1 Nf3+ 17. Kg2 Nh4+ 18. Kg3 e5 19. dxe5 Nxe5 20. f3 $1 $14) 16... e5 17.
dxe5 Nxf3 18. Bxh7+ Kh8 19. Ng1 Bg4 20. Nxf3 Nd4 21. Nxd4 Bxd1 22. Raxd1 Kxh7 {
Eine bekannte Theorievariante, die schon in einigen russichen Meisterpartien
gespielt worden ist. Weiss hat genügend Kompensation für die Dame aber nicht
mehr.} 1/2-1/2

[Event "Mitropa Cup 14th"]
[Site "Brno"]
[Date "1991.??.??"]
[Round "6"]
[White "Brestian, Egon"]
[Black "Vokac, Marek"]
[Result "1-0"]
[WhiteElo "2475"]
[BlackElo "2440"]
[PlyCount "95"]
[EventDate "1991.10.??"]
[EventType "team-tourn"]
[EventRounds "7"]
[EventCountry "CZE"]
[Source "ChessBase"]
[SourceDate "1992.02.01"]

1. c4 Nf6 2. Nf3 g6 3. g3 Bg7 4. Bg2 O-O 5. O-O d6 6. d4 c6 7. Nc3 Qa5 8. d5
cxd5 9. cxd5 Na6 10. a3 Bd7 11. Be3 Rfc8 12. b4 Qd8 13. Rc1 Qf8 14. Bd4 Bh6 15.
e3 Nc7 16. Bxf6 exf6 17. Nd4 Qe7 18. Qd3 f5 19. Rc2 Ne8 20. Rfc1 Bg7 21. Nb3
Nf6 22. Na5 Ng4 23. Nxb7 f4 24. gxf4 Qh4 25. Ne4 Qxh2+ 26. Kf1 Rxc2 27. Rxc2
Qh5 28. Nbxd6 Nh2+ 29. Kg1 Nf3+ 30. Bxf3 Qxf3 31. Qe2 Qh3 32. f3 h6 33. Rc7 Rd8
34. Nb7 Rc8 35. Rxc8+ Bxc8 36. Nbc5 g5 37. fxg5 hxg5 38. Qg2 Qh5 39. Qxg5 Qxf3
40. Qd8+ Bf8 41. Qxc8 Qxe3+ 42. Nf2 Qxa3 43. Qg4+ Kh7 44. Ncd3 Qa1+ 45. Kg2 Qf6
46. Ne4 Qh6 47. Ng5+ Kg7 48. Ne5 1-0

[Event "Mitropa Cup 14th"]
[Site "Brno"]
[Date "1991.??.??"]
[Round "6"]
[White "Hoffmann, Michael"]
[Black "Kupper, Patrick"]
[Result "1-0"]
[WhiteElo "2465"]
[BlackElo "2255"]
[PlyCount "79"]
[EventDate "1991.10.??"]
[EventType "team-tourn"]
[EventRounds "7"]
[EventCountry "CZE"]
[Source "ChessBase"]
[SourceDate "1992.02.01"]

1. d4 e6 2. c4 Nf6 3. Nf3 b6 4. g3 Ba6 5. Nbd2 Bb4 6. Qc2 Bb7 7. Bg2 c5 8. dxc5
Bxc5 9. O-O Be7 10. b3 d6 11. Bb2 Nbd7 12. b4 O-O 13. Rac1 Rc8 14. Nd4 Bxg2 15.
Kxg2 Qc7 16. e4 Qb7 17. b5 Rfe8 18. Nc6 Bf8 19. Rfd1 a5 20. Nf3 Nb8 21. Bxf6
gxf6 22. Nfd4 Nxc6 23. Nxc6 Rxc6 24. bxc6 Qxc6 25. Kg1 Rc8 26. Qd3 Bh6 27. Rb1
Qxc4 28. Rxb6 Bf8 29. a3 Qa4 30. Rdb1 Rc4 31. Qf3 Rxe4 32. Qxf6 Qd4 33. Qg5+
Qg7 34. Qxa5 Re2 35. Qh5 Ra2 36. R6b4 f5 37. Qe8 Qf6 38. a4 d5 39. Rb6 Qd4 40.
Qxe6+ 1-0

[Event "Mitropa Cup 14th"]
[Site "Brno"]
[Date "1991.??.??"]
[Round "6"]
[White "Jirovsky, Milos"]
[Black "Hoelzl, Franz"]
[Result "1-0"]
[WhiteElo "2310"]
[BlackElo "2385"]
[Annotator "Ribli"]
[PlyCount "87"]
[EventDate "1991.10.??"]
[EventType "team-tourn"]
[EventRounds "7"]
[EventCountry "CZE"]
[Source "ChessBase"]
[SourceDate "1992.02.01"]

1. Nf3 Nf6 2. c4 e6 3. g3 d5 4. Bg2 Be7 5. O-O O-O 6. b3 a5 7. Nc3 (7. Bb2 a4
8. Na3 c6 9. Qc1 Na6 10. d3 Bd6 11. Nc2 Qe7 12. Be5 Bxe5 13. Nxe5 Nd7 14. Nxd7
Bxd7 $10 {Landenberque,C-Ioseliani,N  Biel-B 1990  CBM/19}) 7... Ne4 (7... c6
8. Bb2 Nbd7 9. e3 Qb6 10. Rb1 Qa6 11. d3 b5 12. Nd4 Rb8 13. f4 Bc5 14. cxb5
cxb5 15. Nce2 a4 $10 {Georgiev,Kir-Morovic  Dubai ol 1986  42/14}) 8. Bb2 Bf6
9. d4 Nxc3 10. Bxc3 b6 11. cxd5 exd5 12. Rc1 Re8 13. Re1 Bb7 14. Nd2 $2 (14. e3
$1) 14... Nc6 15. Nf3 Qd6 16. Qc2 Re7 17. Qb2 Rae8 18. a3 Ba6 19. e3 Bd3 20.
Red1 Be4 21. b4 axb4 22. Bxb4 Nxb4 23. axb4 Ra8 24. Nd2 Bxg2 25. Kxg2 Ra4 (
25... h5 26. b5 $16) 26. Ra1 $1 Rxa1 27. Rxa1 h5 28. Nf3 g6 29. h4 b5 30. Ra8+
Kg7 31. Qc3 Qe6 32. Qc5 $16 c6 33. Qb6 $1 Re8 34. Ra7 Qe4 35. Qxc6 Bxh4 36. Rd7
Be7 37. Qxd5 Qxd5 38. Rxd5 Rb8 39. Ne5 $1 Rb7 40. Nc6 Bf8 41. Rd8 f6 42. d5 Kf7
43. e4 Be7 44. Ra8 1-0

[Event "Mitropa Cup 14th"]
[Site "Brno"]
[Date "1991.??.??"]
[Round "6"]
[White "Luther, Thomas"]
[Black "Zueger, Beat"]
[Result "1/2-1/2"]
[WhiteElo "2495"]
[BlackElo "2430"]
[Annotator "Ernst"]
[PlyCount "46"]
[EventDate "1991.10.??"]
[EventType "team-tourn"]
[EventRounds "7"]
[EventCountry "CZE"]
[Source "ChessBase"]
[SourceDate "1992.02.01"]

1. e4 e6 2. d4 d5 3. Nc3 Nf6 4. e5 Nfd7 5. f4 c5 6. Nf3 cxd4 7. Nxd4 Qb6 8. Be3
Nc6 9. Qd2 Qxb2 10. Rb1 Qa3 11. Bb5 Nxd4 12. Bxd4 Bb4 13. O-O O-O 14. Rb3 Qa5
15. Qf2 f5 (15... Nb6 16. g4 $1 Nc4 17. f5 a6 18. f6 $1 $16) 16. Rfb1 Be7 17.
Bxd7 Bxd7 18. Rxb7 $16 Rfd8 19. Nb5 Rab8 20. Nd6 Rxb7 21. Rxb7 (21. Nxb7 $2 Rb8
22. Nxa5 Rxb1+ 23. Qf1 Rxf1+ 24. Kxf1 $15) 21... Qxa2 22. h3 Qa4 23. Rxa7 Qc6 {
Eine ausgeglichene Stellung. Die Aktivität der weissen Figuren wird vom 
schwarzen Läuferpaar kompensiert.} 1/2-1/2

[Event "Mitropa Cup 14th"]
[Site "Brno"]
[Date "1991.??.??"]
[Round "6"]
[White "Marinelli, Tullio"]
[Black "Fogarasi, Tibor"]
[Result "0-1"]
[WhiteElo "2365"]
[BlackElo "2420"]
[Annotator "Ftacnik,L"]
[PlyCount "74"]
[EventDate "1991.10.??"]
[EventType "team-tourn"]
[EventRounds "7"]
[EventCountry "CZE"]
[Source "ChessBase"]
[SourceDate "1992.02.01"]

1. d4 Nf6 2. c4 g6 3. Nc3 d5 4. Nf3 Bg7 5. Qb3 dxc4 6. Qxc4 O-O 7. e4 a6 8. Qb3
b5 9. e5 Ng4 10. Bf4 $6 c5 $1 11. h3 cxd4 (11... Nh6 12. Rd1 cxd4 13. Nxd4 Qa5
14. Qd5 Ra7 15. Nb3 Qc7 $13) 12. Rd1 Qa5 13. Rxd4 (13. Nxd4 Nxe5 14. Qd5 Nec6
15. Bxb8 (15. Nxc6 Bxc3+) 15... Bxd4 16. Rxd4 Nxd4 17. Qxa8 b4 $132) 13... Nh6
14. Qd5 Ra7 15. b4 Qc7 (15... Qa3 16. Qc5 $13) 16. Qb3 Nc6 17. Rd1 (17. Nd5
Nxd4 18. Nxc7 Nxb3) 17... Be6 18. Nd5 (18. Qb2 Nxe5 $1 $17) 18... Qb8 19. Ng5 (
19. Qb2 Rd8 $17) 19... Bxd5 20. Rxd5 Bxe5 (20... e6 21. Rc5 Nxe5 22. Qe3) 21.
Bxe5 Nxe5 22. Qc3 Rc8 $1 (22... Nc4 23. Bxc4 Rc8 24. O-O Rxc4 25. Qd2 $132) 23.
Qxe5 Qxe5+ 24. Rxe5 f6 25. Rd5 (25. Rc5 Rxc5 26. bxc5 fxg5 27. a4 bxa4 28. Bc4+
Kg7 $19) 25... fxg5 26. Kd2 (26. Rxg5 Rc1+ 27. Kd2 Rac7 $19) 26... e6 27. Rxg5
Rd7+ 28. Bd3 Rcd8 29. Rg3 Nf5 30. Rf3 Nh4 31. Rg3 Nxg2 $1 32. Kc2 (32. Rxg2
Rxd3+ 33. Kc2 Rd2+ 34. Kb1 Re2 $19) 32... Nf4 33. Be4 Rd2+ 34. Kb3 (34. Kb1
Rxf2 $19) 34... Rxf2 35. Bb7 Ne2 36. Re3 Nd4+ 37. Kc3 Rxa2 {Ftacnik,L} 0-1

[Event "Mitropa Cup 14th"]
[Site "Brno"]
[Date "1991.??.??"]
[Round "6"]
[White "Polak, Tomas"]
[Black "Weinzettl, Ernst"]
[Result "1-0"]
[WhiteElo "2355"]
[BlackElo "2285"]
[Annotator "Ernst"]
[PlyCount "77"]
[EventDate "1991.10.??"]
[EventType "team-tourn"]
[EventRounds "7"]
[EventCountry "CZE"]
[Source "ChessBase"]
[SourceDate "1992.02.01"]

1. e4 e6 2. d4 d5 3. Nd2 c5 4. exd5 exd5 5. Ngf3 Nc6 6. Bb5 Qe7+ 7. Qe2 {In
der Partie Psakhis- Weinzettl, Hartberg 1991 geschah 7.Le2 g5 8.h3 g4 9.hxg4
Lxg4 10.dxc5 0-0-0 mit scharfem Spiel. Nach 27 Zügen wurde Remis vereinbart.}
cxd4 8. Nb3 Qxe2+ 9. Bxe2 Bd6 10. Nbxd4 Nge7 11. c3 O-O 12. O-O Nf5 13. Nxf5
Bxf5 14. Be3 Rfd8 15. Rfd1 h6 16. Rd2 Be4 17. Nd4 Be5 18. Nb3 Re8 19. Rad1 Bc7
20. Nc5 Bb6 21. Nxb7 Bxe3 22. fxe3 $16 Re5 23. Nc5 Bg6 24. Kf2 Ne7 25. Bf3 Re8
26. Nd3 Bxd3 27. Rxd3 Kh7 28. R1d2 Rb8 29. Rd4 Rb6 30. b3 Rbe6 31. R2d3 g6 32.
Bxd5 Nxd5 33. Rxd5 Re4 34. Rd7 Rf6+ 35. Ke2 a5 36. R7d6 Rf5 37. R3d5 Rxd5 38.
Rxd5 a4 39. Rd4 1-0

[Event "Mitropa Cup 14th"]
[Site "Brno"]
[Date "1991.??.??"]
[Round "6"]
[White "Varga, Zoltan"]
[Black "Rossi, Carlo"]
[Result "1/2-1/2"]
[WhiteElo "2400"]
[BlackElo "2325"]
[PlyCount "141"]
[EventDate "1991.10.??"]
[EventType "team-tourn"]
[EventRounds "7"]
[EventCountry "CZE"]
[Source "ChessBase"]
[SourceDate "1992.02.01"]

1. d4 Nc6 2. Nf3 d6 3. d5 Ne5 4. Nxe5 dxe5 5. e4 Nf6 6. Nc3 e6 7. Bb5+ Bd7 8.
dxe6 Bxb5 9. Nxb5 Qxd1+ 10. Kxd1 O-O-O+ 11. Ke2 a6 12. Nc3 fxe6 13. f3 Bc5 14.
Rd1 Rxd1 15. Nxd1 Bg1 16. h3 Nh5 17. Ne3 Bh2 18. Bd2 Bg3 19. Bc3 Rd8 20. Kf1
Nf4 21. Rd1 Rxd1+ 22. Nxd1 Ng6 23. Ne3 Kd7 24. Kg1 Nf4 25. Bb4 Ng6 26. Nf1 Bh4
27. g3 Be7 28. Bd2 Bc5+ 29. Kg2 Bd4 30. b3 Bc5 31. h4 Ne7 32. h5 Nc6 33. c3 b5
34. Nh2 Ke7 35. Ng4 Kf7 36. Kf1 Bd6 37. Ke2 Nb8 38. Kd3 Nd7 39. c4 c6 40. cxb5
cxb5 41. Bc3 g6 42. hxg6+ Kxg6 43. Ke2 h5 44. Nf2 Kg5 45. Nd3 Kg6 46. Bb4 Bxb4
47. Nxb4 Nb8 48. Nd3 Kf6 49. Nc5 a5 50. a4 bxa4 51. bxa4 Ke7 52. Kd3 Nc6 53.
Nb3 Kd7 54. Ke3 Ke7 55. Kf2 Kf6 56. Kg2 Ke7 57. Kf2 Kf6 58. Kg2 Ke7 59. Kh3 Kf7
60. Kh4 Kg6 61. g4 hxg4 62. fxg4 Kh6 63. g5+ Kg6 64. Kg4 Kg7 65. Kh5 Kh7 66.
Nc5 Nd4 67. Nd7 Kg7 68. Nxe5 Ne2 69. Kg4 Nc3 70. Kf4 Nxa4 71. Nc4 1/2-1/2

[Event "Mitropa Cup 14th"]
[Site "Brno"]
[Date "1991.??.??"]
[Round "6"]
[White "Wirthensohn, Heinz"]
[Black "Schlosser, Philipp"]
[Result "1/2-1/2"]
[WhiteElo "2445"]
[BlackElo "2485"]
[PlyCount "47"]
[EventDate "1991.10.??"]
[EventType "team-tourn"]
[EventRounds "7"]
[EventCountry "CZE"]
[Source "ChessBase"]
[SourceDate "1992.02.01"]

1. Nf3 Nf6 2. c4 e6 3. g3 a6 4. b3 c5 5. Bg2 b5 6. Nc3 Qb6 7. O-O Bb7 8. d3 Be7
9. e4 d6 10. Bd2 O-O 11. Ne1 Nc6 12. Nc2 Rfd8 13. f4 Nb4 14. a3 Nxc2 15. Qxc2
d5 16. e5 dxc4 17. dxc4 Nd7 18. Ne4 Nb8 19. Be3 Nc6 20. Rfd1 Nd4 21. Bxd4 cxd4
22. c5 Bxe4 23. Bxe4 d3 24. cxb6 1/2-1/2

[Event "Mitropa Cup 14th"]
[Site "Brno"]
[Date "1991.??.??"]
[Round "6"]
[White "Wittmann, Walter"]
[Black "Velicka, Petr"]
[Result "1/2-1/2"]
[WhiteElo "2370"]
[BlackElo "2375"]
[PlyCount "63"]
[EventDate "1991.10.??"]
[EventType "team-tourn"]
[EventRounds "7"]
[EventCountry "CZE"]
[Source "ChessBase"]
[SourceDate "1992.02.01"]

1. e4 Nf6 2. e5 Nd5 3. d4 d6 4. Nf3 Bg4 5. Be2 e6 6. O-O Be7 7. c4 Nb6 8. h3
Bh5 9. Nc3 O-O 10. Be3 d5 11. cxd5 exd5 12. Ne1 Bxe2 13. Qxe2 c6 14. f4 f5 15.
Nf3 Na6 16. Kh2 Nc7 17. Rf2 Ne6 18. Rg1 g6 19. g4 Qd7 20. Qd3 Ng7 21. Rfg2 Rf7
22. Ne2 Qe6 23. Bf2 Nd7 24. Bh4 Bxh4 25. Nxh4 Nf8 26. Nf3 Qe8 27. Ng5 Rc7 28.
Qg3 Nfe6 29. Qh4 Nxg5 30. Qxg5 Rf7 31. Qh4 Qe7 32. Qxe7 1/2-1/2

[Event "Mitropa Cup 14th"]
[Site "Brno"]
[Date "1991.??.??"]
[Round "7"]
[White "Bellia, Fabrizio"]
[Black "Sokolov, Ivan"]
[Result "0-1"]
[WhiteElo "2270"]
[BlackElo "2570"]
[PlyCount "80"]
[EventDate "1991.10.??"]
[EventType "team-tourn"]
[EventRounds "7"]
[EventCountry "CZE"]
[Source "ChessBase"]
[SourceDate "1992.02.01"]

1. e4 c5 2. Nf3 d6 3. d4 cxd4 4. Nxd4 Nf6 5. Nc3 Nc6 6. Be2 e6 7. O-O Be7 8.
Be3 O-O 9. f4 Bd7 10. Qe1 e5 11. fxe5 dxe5 12. Nxc6 Bxc6 13. Rd1 Qc7 14. Nd5
Bxd5 15. exd5 Bc5 16. Qf2 Ne4 17. Qf3 Nd6 18. c4 b6 19. Kh1 f5 20. Bd2 a5 21.
g4 f4 22. Bd3 Rae8 23. Rde1 Re7 24. b3 Bd4 25. a4 Bc5 26. Be4 Qd8 27. Re2 Ref7
28. Bc3 Be3 29. Bb2 Qg5 30. h4 Qd8 31. g5 Qd7 32. Rh2 Re8 33. g6 Rf6 34. gxh7+
Kh8 35. h5 Nf5 36. Bxf5 Qxf5 37. Qh3 Qd3 38. Qg2 f3 39. Qh3 Kxh7 40. Ba1 Rf4
0-1

[Event "Mitropa Cup 14th"]
[Site "Brno"]
[Date "1991.??.??"]
[Round "7"]
[White "Damljanovic, Branko"]
[Black "Marinelli, Tullio"]
[Result "1-0"]
[WhiteElo "2585"]
[BlackElo "2365"]
[Annotator "Ribli"]
[PlyCount "169"]
[EventDate "1991.10.??"]
[EventType "team-tourn"]
[EventRounds "7"]
[EventCountry "CZE"]
[Source "ChessBase"]
[SourceDate "1992.02.01"]

1. Nf3 Nf6 2. g3 b6 3. Bg2 Bb7 4. O-O e6 5. c4 Be7 6. b3 O-O 7. Bb2 c5 8. e3 d5
9. Nc3 dxc4 10. bxc4 Nc6 11. Qe2 Rc8 (11... Qd7 12. Rfd1 Rad8 13. d4 cxd4 14.
exd4 Na5 15. Rac1 Rfe8 $13 {Damljanovic,B-Ljubojevic,L  Manila izt 1990  CBM/
19  50/(9)}) (11... Qc7 12. d3 a6 13. Rfd1 Rab8 14. Rab1 Na5 15. Ba1 Nd7 16. a4
Rfd8 17. h4 Bc6 18. Ne1 Bxg2 19. Nxg2 Nf6 20. g4 Nc6 21. g5 Ne8 22. Ne4 Nb4 23.
Nf4 Qc6 24. Qg4 Qxa4 25. h5 $146 {Damljanovic,B-Cvetkovic,Sr  JUG-ch 1990  CBM/
17  49/13}) 12. Rfd1 Qc7 13. Rac1 Na5 14. d3 Qb8 15. h4 Qa8 16. Ne1 Bxg2 17.
Nxg2 Rfd8 18. g4 Ne8 19. Ne4 a6 20. a4 Qc6 21. g5 b5 (21... Qxa4 22. Nf4 Qd7
23. Qg4 $146) 22. axb5 axb5 23. cxb5 Qxb5 24. Nf4 c4 25. d4 Qb7 26. Nc3 Rb8 27.
Rc2 Qc7 28. d5 $1 e5 29. Nh5 g6 30. Ng3 f5 31. gxf6 Bxf6 32. h5 Qg7 33. Nce4
Be7 34. h6 $1 Qxh6 35. Bxe5 Rb6 36. Bc3 Bb4 37. Bd4 Rb7 38. Qg4 Qf8 39. Ng5 Rd6
40. N3e4 Ra6 41. Qc8 Be7 42. Ne6 Qf7 43. d6 Rxd6 44. Nxd6 Bxd6 45. Ng5 Qe7 46.
Qe6+ Kf8 47. Qxe7+ Bxe7 48. Ne4 Kf7 49. Kg2 h5 50. Bh8 Rc7 51. Rd5 Nb7 52. Be5
Rc6 53. Rd7 Nc5 54. Nxc5 Rxc5 55. Bb2 Rg5+ 56. Kf1 Ke6 57. Rd4 Nd6 58. Ba3 Rd5
59. Bxd6 Bxd6 60. Rcxc4 Rxd4 61. Rxd4 g5 62. f3 Bc5 63. Ra4 Kd5 64. Ke2 h4 65.
Rg4 Be7 66. Kf2 Ke5 67. Kg2 Kf5 68. Rc4 Kg6 69. Kh3 Kh5 70. Rc6 Ba3 71. e4 Bb2
72. Rc5 Ba3 73. Rf5 Bd6 74. Rf7 Bg3 75. Re7 Bf4 76. Re8 Bd2 77. Re5 Be3 78. Rf5
Bf4 79. e5 Kg6 80. Kg4 h3 81. e6 Bd6 82. Rxg5+ Kf6 83. Rh5 h2 84. f4 Kxe6 85.
Rxh2 1-0

[Event "Mitropa Cup 14th"]
[Site "Brno"]
[Date "1991.??.??"]
[Round "7"]
[White "Kupper, Patrick"]
[Black "Polak, Tomas"]
[Result "1/2-1/2"]
[WhiteElo "2255"]
[BlackElo "2355"]
[PlyCount "84"]
[EventDate "1991.10.??"]
[EventType "team-tourn"]
[EventRounds "7"]
[EventCountry "CZE"]
[Source "ChessBase"]
[SourceDate "1992.02.01"]

1. e4 c5 2. Nf3 d6 3. d4 cxd4 4. Nxd4 Nf6 5. Nc3 g6 6. g3 Nc6 7. Bg2 Nxd4 8.
Qxd4 Bg7 9. a4 O-O 10. O-O Be6 11. Qd1 a5 12. Re1 Nd7 13. Nd5 Nc5 14. Bg5 Bxd5
15. exd5 Re8 16. c3 Qb6 17. Qc2 Bf6 18. h4 Qb3 19. Qxb3 Nxb3 20. Rad1 Nc5 21.
Bf1 Nxa4 22. Bxf6 exf6 23. Rxe8+ Rxe8 24. Bb5 Re4 25. f3 Nxb2 26. Rb1 Re3 27.
Kf2 Nc4 28. Bxc4 Rxc3 29. Be2 a4 30. Rxb7 a3 31. Rd7 a2 32. Ra7 Rc2 33. Ke3 h5
34. Bd3 Rg2 35. Bc4 Rxg3 36. Bxa2 g5 37. hxg5 fxg5 38. Kf2 Rh3 39. Kg2 Rh4 40.
Ra6 Rd4 41. Kh3 Rd2 42. Bc4 Rd4 1/2-1/2